Les rois et les reines d'Angleterre - Statistiques

Statistiques générales
  • Ce quiz a été pris 505 fois
    429 depuis la dernière actualisation
  • Le résultat moyen est 40 sur 59
Statistiques - réponses
Hint Réponse % Correct
1625-1649 Charles Ier
96%
1660-1685 Charles II
96%
2022- Charles III
96%
1558-1603 Elisabeth Ière
94%
1952-2022 Elisabeth II
94%
1170-1180 Henri
89%
1100-1135 Henri Ier
89%
1154-1189 Henri II
89%
1216-1272 Henri III
89%
1399-1413 Henri IV
89%
1413-1422 Henri V
89%
1422-1461 Henri VI
89%
1470-1471 Henri VI
89%
1485-1509 Henri VII
89%
1509-1547 Henri VIII
89%
1714-1727 George Ier
86%
1727-1760 George II
86%
1760-1820 George III
86%
1820-1830 George IV
86%
1910-1936 George V
86%
1936-1952 George VI
86%
1837-1901 Victoria
85%
975-978 Edouard
83%
1042-1066 Edouard
83%
1272-1307 Edouard Ier
83%
1307-1327 Edouard II
83%
1327-1377 Edouard III
83%
1461-1470 Edouard IV
83%
1471-1483 Edouard IV
83%
1483-1483 Edouard V
83%
1547-1553 Edouard VI
83%
1901-1910 Edouard VII
83%
1066-1087 Guillaume Ier
77%
1087-1100 Guillaume II
77%
1689-1702 Guillaume III
77%
1830-1837 Guillaume IV
77%
1689-1694 Marie II
76%
1199-1216 Jean
70%
1189-1199 Richard Ier
69%
1377-1399 Richard II
69%
1483-1485 Richard III
69%
1702-1714 Anne
65%
1553-1558 Marie Ière
64%
1603-1625 Jacques Ier
59%
1685-1688 Jacques II
59%
1135-1154 Etienne
35%
1035-1040 Harold
33%
1016-1035 Knut
29%
978-1013 Æthelred
21%
1014-1016 Æthelred
21%
927-939 Æthelstan
21%
939-946 Edmond
21%
1016-1016 Edmond
21%
1013-1014 Sven
20%
959-975 Edgar
19%
1040-1042 Hardeknut
16%
946-955 Eadred
12%
955-959 Eadwig
12%
1066-1066 Harold Godwinson
8%
Aucun quiz correspondant
Distribution des résultats
% des personnes avec chaque résultat
Percentile par nombre de réponses
Votre historique - résultats
Vous n’avez pas pris ce quiz depuis la dernière actualisation